Měření telefonních kanalů

Salvato in:
Dettagli Bibliografici
Autore principale: Řepa, Jaroslav (Autore)
Natura: Libro
Pubblicazione: Praha : NADAS, 1975
Tags: Aggiungi Tag
Nessun Tag, puoi essere il primo ad aggiungerne!!

MARC

LEADER 00000nam a22000003a 4500
001 stu86396
005 20150617225629.0
008 040428s1975----------------------------d
040 |a STU  |b slo 
041 0
100 1 |a Řepa, Jaroslav  |4 aut 
245 1 |a Měření telefonních kanalů 
260 |a Praha :  |b NADAS,  |c 1975 
996 |b E36565  |c E*36565  |l EE16  |s P  |a 0  |w stu86396_0002